LEADER 01497nam--2200457---450- 001 990003123000203316 005 20091119124230.0 010 $a88-6030-066-5 035 $a000312300 035 $aUSA01000312300 035 $a(ALEPH)000312300USA01 035 $a000312300 100 $a20080630d2006----km-y0itay50------ba 101 1 $aita$ceng 102 $aIT 105 $aa---||||001yy 200 1 $aBiochimica e biologia molecolare$eprincipi e tecniche$fa cura di Keith Wilson, John Walker 205 $a6 ed., ed. italiana$fa cura di Mirella S. Pilone e Loredano Pollegioni 210 $aMilano$cCortina$d2006 215 $aXX, 777 p.$cill.$d24 cm 500 11$aPrinciples and techniques of biochemistry and molecular biology$959006 606 0 $aBiochimica 606 0 $aBiologia molecolare 676 $a572 702 1$aWILSON,$bKeith 702 1$aWALKER,$bJohn$f<1948- > 702 1$aPILONE,$bMirella S. 702 1$aPOLLEGIONI,$bLoredano 801 0$aIT$bsalbc$gISBD 912 $a990003123000203316 951 $a581.192 BIO$b37129/CBS$c581.192$d00217449 951 $a572 PRI$b5128 Farm.$c572$d00203666 951 $a572 PRI$b5129 Farm.$c572$d00203667 959 $aBK 969 $aSCI 969 $aFAR 979 $aCBAS$b10$c20080630$lUSA01$h1218 979 $aANNAMARIA$b90$c20090317$lUSA01$h1335 979 $aRSIAV6$b90$c20091119$lUSA01$h1242 996 $aPrinciples and techniques of biochemistry and molecular biology$959006 997 $aUNISA LEADER 01669nam0 2200397 i 450 001 SUN0125686 005 20200330122559.47 010 $d0.00 017 70$2N$a9789811060861 100 $a20191202d2018 |0engc50 ba 101 $aeng 102 $aSG 105 $a|||| ||||| 200 1 $a*Polymer Gels$eScience and Fundamentals$fVijay Kumar Thakur, Manju Kumari Thakur editors 205 $aSingapore : Springer, 2018 210 $aX$d492 p.$cill. ; 24 cm 215 $aPubblicazione in formato elettronico 410 1$1001SUN0125687$12001 $a*Gels Horizons: From Science to Smart Materials$1210 $aSingapore$cSpringer. 620 $aSG$dSingapore$3SUNL000061 676 $a540$cChimica generale$v22 676 $a615.19$cChimica farmaceutica. Tecnologia farmaceutica$v22 676 $a620.192$cPolimeri$v22 676 $a610.28$cIngegneria biomedica$v22 702 1$aThakur$b, Vijay K.$3SUNV096163 702 1$aThakur$b, Manju K.$3SUNV096164 712 $aSpringer$3SUNV000178$4650 790 1$aThakur, Vijay Kumar$zThakur, Vijay K.$3SUNV100170 790 1$aThakur, V. K.$zThakur, Vijay K.$3SUNV103650 790 1$aThakur, Manju Kumari$zThakur, Manju K.$3SUNV100171 790 1$aThakur, M. K.$zThakur, Manju K.$3SUNV103648 801 $aIT$bSOL$c20200921$gRICA 856 4 $uhttps://link.springer.com/book/10.1007%2F978-981-10-6086-1#toc 912 $aSUN0125686 950 $aUFFICIO DI BIBLIOTECA DEL DIPARTIMENTO DI SCIENZE E TECNOLOGIE AMBIENTALI BIOLOGICHE E FARMACEUTICHE$d17CONS e-book 2112 $e17BIB2112 253 20191202 996 $aPolymer Gels$91568112 997 $aUNICAMPANIA